Complete Famous Lyrics - Statistics

General Stats
  • This quiz has been taken 192 times
    188 since last reset
  • The average score is 11 of 21
Answer Stats
Artist Lyric Answer % Correct
Simon and Garfunkle Hello darkness, my old ... Friend
93%
Adele Hello?... {It's} {Me}
89%
The Weather Girls It's raining...! Halleluiah! it's raining ... Men
82%
Louis Armstrong And I think to myself, ‘What a wonderful...’ World
81%
Britney Spears My loneliness is ... me I must confess I still believe Killing
80%
Beyonce Cause if you liked it then you should of put a ...on it Ring
79%
Gloria Gaynor At first I was afraid, I was... Petrified
78%
The Fresh Prince Now this is the story all about how / My life got flipped, turned ... {Upside} {Down}
66%
Dolly Parton Jolene, Jolene, Jolene, Jolene I'm begging of you please don't take my... Man
63%
John Lennon You may say I’m a...But I’m not the only one Dreamer
56%
Sir Mix-A-Lot I like big ... and I can not lie... Butts
55%
Billy Joel Sing us a song you're the... man Sing us a song tonight Piano
50%
The Beetles When I find myself in times of trouble, ... comes to me {Mother} {Mary}
44%
Don McLean Something touched me deep inside The day the ... died Music
44%
Blondie Once I had a love and it was a gas Soon turned out had a heart of... Glass
39%
Prince Dearly beloved, we have gathered here today / To get through this thing called... Life
32%
Sugar Hill Gang I said a hip-hop, the hippie the hippie / To the hip, hip hop you don't ... Stop
30%
Lena Horne Don't know why There's no ... up in the sky Sun
28%
Frank Sinatra If I can make it ... I’ll make it ...It’s up to you New York, New York {There} {Anywhere}
22%
Bob Dylon Hey, Mr. ... Man, play a song for me Tambourine
21%
Joni Mitchell They paved paradise And put up a... {Parking} {Lot}
17%
No matching quizzes found
Score Distribution
Percent of People with Each Score
Percentile by Number Answered
Your Score History
You have not taken this quiz since the last reset